Обработка данных окулографии с помощью ARM-микроконтроллера и компьютера; Вестник науки Сибири; № 3 (13)
| Parent link: | Вестник науки Сибири: электронный научный журнал/ Томский политехнический университет (ТПУ).— , 2011-.— 2226-0064 № 3 (13).— 2014.— С. 53-57 |
|---|---|
| Main Author: | |
| Corporate Author: | |
| Other Authors: | |
| Summary: | Заглавие с титульного листа В статье рассматриваются общие вопросы, связанные с особенностями методов регистрации движений глаз с помощью электроокулографии. Излагаются основные принципы работы элек-троокулографии, а также приводится схема размещения электродов для снятия биопотенциалов с глаз согласно специфике применения электроокулографического метода. Описано устройство, обеспечивающее подключение всех необходимых электродов,усиление, фильтрацию и оцифровку сигналов, их обработку и передачу на компьютер или центральную систему управления. Приведена структурная схема и основные компоненты элементной базы. Дано описание применяемого метода для фильтрации сигнала и дальнейшей последовательности обработки данных с использованием технологии вейвлет-преобразования и нейронных сетей. Современная элементная база интегральных, прецизионных усилителей биосигналов и многоразрядных микроконтроллеров с низким энергопотреблением позволяют создать портативный окулограф с минимальным числом элементов. |
| Language: | Russian |
| Published: |
2014
|
| Series: | Инженерные науки |
| Subjects: | |
| Online Access: | http://earchive.tpu.ru/handle/11683/16725 |
| Format: | Electronic Book Chapter |
| KOHA link: | https://koha.lib.tpu.ru/cgi-bin/koha/opac-detail.pl?biblionumber=534492 |
MARC
| LEADER | 00000naa2a2200000 4500 | ||
|---|---|---|---|
| 001 | 534492 | ||
| 005 | 20231101113317.0 | ||
| 035 | |a (RuTPU)RU\TPU\prd\222953 | ||
| 035 | |a RU\TPU\prd\222952 | ||
| 090 | |a 534492 | ||
| 100 | |a 20140929d2014 k y0rusy50 ca | ||
| 101 | 0 | |a rus | |
| 102 | |a RU | ||
| 135 | |a drcn ---uucaa | ||
| 181 | 0 | |a i | |
| 182 | 0 | |a b | |
| 200 | 1 | |a Обработка данных окулографии с помощью ARM-микроконтроллера и компьютера |f В. В. Игнатовский, Д. А. Пестунов | |
| 203 | |a Текст |c электронный | ||
| 215 | |a 1 файл (427 Кб) | ||
| 225 | 1 | |a Инженерные науки | |
| 230 | |a Электронные текстовые данные (1 файл : 427 Кб) | ||
| 300 | |a Заглавие с титульного листа | ||
| 320 | |a [Библиогр.: с. 57 (4 назв.)] | ||
| 330 | |a В статье рассматриваются общие вопросы, связанные с особенностями методов регистрации движений глаз с помощью электроокулографии. Излагаются основные принципы работы элек-троокулографии, а также приводится схема размещения электродов для снятия биопотенциалов с глаз согласно специфике применения электроокулографического метода. Описано устройство, обеспечивающее подключение всех необходимых электродов,усиление, фильтрацию и оцифровку сигналов, их обработку и передачу на компьютер или центральную систему управления. Приведена структурная схема и основные компоненты элементной базы. Дано описание применяемого метода для фильтрации сигнала и дальнейшей последовательности обработки данных с использованием технологии вейвлет-преобразования и нейронных сетей. Современная элементная база интегральных, прецизионных усилителей биосигналов и многоразрядных микроконтроллеров с низким энергопотреблением позволяют создать портативный окулограф с минимальным числом элементов. | ||
| 337 | |a Adobe Reader | ||
| 461 | 1 | |0 (RuTPU)RU\TPU\prd\143680 |x 2226-0064 |t Вестник науки Сибири |o электронный научный журнал |f Томский политехнический университет (ТПУ) |d 2011- | |
| 463 | 1 | |0 (RuTPU)RU\TPU\prd\222891 |t № 3 (13) |v С. 53-57 |d 2014 | |
| 610 | 1 | |a труды учёных ТПУ | |
| 610 | 1 | |a электронный ресурс | |
| 610 | 1 | |a электроокулография | |
| 610 | 1 | |a ARM-архитектура | |
| 610 | 1 | |a микроконтроллеры | |
| 610 | 1 | |a вейвлет-преобразования | |
| 610 | 1 | |a нейронные сети | |
| 700 | 1 | |a Игнатовский |b В. В. |g Виталий Владимирович | |
| 701 | 1 | |a Пестунов |b Д. А. |c специалист в области электроники |c доцент Томского политехнического университета, кандидат технических наук |f 1979- |g Дмитрий Александрович |2 stltpush |3 (RuTPU)RU\TPU\pers\31072 | |
| 712 | 0 | 2 | |a Национальный исследовательский Томский политехнический университет (ТПУ) |b Институт неразрушающего контроля (ИНК) |b Кафедра промышленной и медицинской электроники (ПМЭ) |h 64 |2 stltpush |3 (RuTPU)RU\TPU\col\18719 |
| 801 | 1 | |a RU |b 63413507 |c 20090623 |g PSBO | |
| 801 | 2 | |a RU |b 63413507 |c 20180112 |g PSBO | |
| 856 | 4 | |u http://earchive.tpu.ru/handle/11683/16725 | |
| 942 | |c BK | ||